Statistics for Highest Rated Ex-Yugoslavian State Players- FIFA 16

Click here to take the quiz!

General Stats

  • This quiz has been taken 206 times
  • The average score is 24 of 47

Answer Stats

CountryTeamPositionRatingAnswer% Correct
CroatiaReal MadridCM87Luka Modric
99%
CroatiaBarcelonaCM84Ivan Rakitic
94%
CroatiaJuventusST83Mario Mandzukic
89%
Bosnia and HerzegovinaRomaST81Edin Dzeko
88%
SloveniaInter MilanGK83Samir Handanovic
88%
Bosnia and HerzegovinaRomaCM84Miralem Pjanic
87%
SerbiaChelseaCDM84Nemanja Matic
84%
SloveniaAthletico MadridGK81Jan Oblak
82%
MontenegroAthletico MadridCB81Stefan Savic
81%
CroatiaInter MilanLM81Ivan Perisic
79%
Bosnia and HerzegovinaChelseaGK82Asmir Begovic
77%
SerbiaInter MilanCB83Nemanja Vidic
76%
SerbiaChelseaRB80Branislav Ivanovic
74%
CroatiaShakhtar DonetskRB81Darijo Srna
74%
CroatiaReal MadridCM78Mateo Kovacic
73%
SerbiaManchester CityLB79Aleksandar Kolarov
71%
CroatiaLiverpoolCB79Dejan Lovren
69%
MontenegroInter MilanST81Stevan Jovetic
69%
CroatiaMonacoGK81Danijel Subasic
67%
SerbiaBorussia DortmundCB80Neven Subotic
66%
SerbiaSouthamptonLM79Dusan Tadic
65%
SerbiaNewcastleST76Aleksandar Mitrovic
58%
SerbiaSchalkeCB79Matija Nastasic
48%
CroatiaLokomotiv MoscowCB80Vedran Corluka
48%
SerbiaCSKA MoscowRM80Zoran Tosic
44%
SloveniaFiorentinaCF78Josep Ilicic
42%
SerbiaFenerbahceRM77Lazar Markovic
41%
SerbiaRomaLW79Adem Ljajic
39%
Bosnia and HerzegovinaLazioCM78Senad Lulic
38%
SerbiaLazioRB79Dusan Basta
36%
CroatiaHamburgST76Ivica Olic
36%
CroatiaFiorentinaCDM77Milan Badelj
31%
CroatiaShakhtar DonetskST76Eduardo da Silva
29%
SerbiaStuttgartLM77Filip Kostic
29%
SerbiaBenficaCDM77Ljubomir Fejsa
28%
MontenegroLilleCB80Marko Basa
28%
SloveniaBayer LeverkusenRM77Kevin Kampl
25%
SerbiaTorinoCB80Nikola Maksimovic
25%
Bosnia and HerzegovinaHamburgCB79Emir Spahic
22%
SerbiaLazioST80Filip Djordjevic
21%
SerbiaLyonCB77Milan Bisevac
21%
SerbiaAjaxCM76Nemanja Gudelj
18%
Bosnia and HerzegovinaHoffenheimCB77Ermin Bicakcic
14%
SloveniaChievo VeronaCB77Bostjan Cesar
12%
SerbiaBenficaCAM76Filip Duricic
11%
SloveniaVillarrealLB76Bojan Jokic
9%
SloveniaAtalantaCDM76Jasmin Kurtic
8%

Score Distribution

Percentile by Number Answered

Percent of People with Each Score

Your Score History

You have not taken this quiz